LEADER 01711nam 2200589Ia 450 001 9910455711603321 005 20200520144314.0 010 $a1-282-29490-3 010 $a9786612294907 010 $a0-313-34259-8 035 $a(CKB)2480000000001426 035 $a(OCoLC)666991835 035 $a(CaPaEBR)ebrary10331630 035 $a(SSID)ssj0000299631 035 $a(PQKBManifestationID)11229115 035 $a(PQKBTitleCode)TC0000299631 035 $a(PQKBWorkID)10260926 035 $a(PQKB)11511903 035 $a(MiAaPQ)EBC3001316 035 $a(Au-PeEL)EBL3001316 035 $a(CaPaEBR)ebr10331630 035 $a(CaONFJC)MIL229490 035 $a(OCoLC)816326191 035 $a(EXLCZ)992480000000001426 100 $a20080625d2008 uy 0 101 0 $aeng 135 $aurcn||||||||| 181 $ctxt 182 $cc 183 $acr 200 10$aInfluenza$b[electronic resource] /$fRoni K. Devlin 210 $aWestport, Conn. $cGreenwood Press$d2008 215 $a1 online resource (158 p.) 225 1 $aBiographies of disease,$x1940-445X 300 $aBibliographic Level Mode of Issuance: Monograph 311 $a0-313-34260-1 320 $aIncludes bibliographical references and index. 410 0$aBiographies of disease. 606 $aInfluenza$vPopular works 606 $aInfluenza$xHistory$vPopular works 608 $aElectronic books. 615 0$aInfluenza 615 0$aInfluenza$xHistory 676 $a616.2/03 700 $aDevlin$b Roni K.$f1968-$0900793 801 0$bMiAaPQ 801 1$bMiAaPQ 801 2$bMiAaPQ 906 $aBOOK 912 $a9910455711603321 996 $aInfluenza$92013211 997 $aUNINA LEADER 00779nam0-2200265 --450 001 9910736594403321 005 20240311101849.0 010 $a88-372-1431-6 100 $a20230829d1991----kmuy0itay5050 ba 101 0 $aita 102 $aIT 105 $a 001yy 200 1 $aPreghiera e filosofia$fG. Ebeling ... [et al.]$ga cura di Giovanni Moretto 210 $aBrescia$cMorcelliana$dstampa 1991 215 $a438 p.$cill.$d22 cm 610 0 $aCRISTIANESIMO E FILOSOFIA$aSAGGI 702 1$aMoretto,$bGiovanni$f<1939-2006> 702 1$aEbeling,$bGerhard 801 0$aIT$bUNINA$gREICAT$2UNIMARC 901 $aBK 912 $a9910736594403321 952 $aDFT B15 MORG 02$b2023/3362$fFLFBC 959 $aFLFBC 996 $aPreghiera e filosofia$9967169 997 $aUNINA